Predpoklady a bariéry efektívneho rozhodovania vo verejnej správe
Špecifiká rozhodovania vo verejnej správe. Štátna správa, samospráva. Rozhodovanie v krízových situáciách. Bariéry efektívneho rozhodovania a hrozby chybných rozhodnutí pri riešení krízových situácií. Príprava a vzdelávanie krízových manažérov pre verejnú správu.
Guardado en:
| Autor principal: | |
|---|---|
| Otros Autores: | |
| Formato: | Capítulo de libro |
| Lenguaje: | eslovaco |
| Materias: | |
| Etiquetas: |
Sin Etiquetas, Sea el primero en etiquetar este registro!
|
MARC
| LEADER | 00000naa$a2200000$$$4500 | ||
|---|---|---|---|
| 001 | 0079891 | ||
| 005 | 20220805104105.7 | ||
| 041 | 0 | |a slo | |
| 044 | |a SK | ||
| 245 | 1 | 0 | |a Predpoklady a bariéry efektívneho rozhodovania vo verejnej správe |c Ladislav Šimák, Vladimír Míka |
| 520 | |a Špecifiká rozhodovania vo verejnej správe. Štátna správa, samospráva. Rozhodovanie v krízových situáciách. Bariéry efektívneho rozhodovania a hrozby chybných rozhodnutí pri riešení krízových situácií. Príprava a vzdelávanie krízových manažérov pre verejnú správu. | ||
| 610 | 2 | 0 | |a správa verejná |
| 610 | 2 | 0 | |a rozhodovanie |
| 610 | 2 | 0 | |a manažéri |
| 100 | 1 | |a Šimák, Ladislav | |
| 700 | 1 | |a Míka, Vladimír | |